Essays on Indian writing in english: (Record no. 102293)

MARC details
000 -LEADER
fixed length control field 01236nam a22002777a 4500
005 - DATE AND TIME OF LATEST TRANSACTION
control field 20180420150328.0
010 ## - LCCN (DPL NO)
LC control number 1617EN ENG-117133
020 ## - INTERNATIONAL STANDARD BOOK NUMBER
International Standard Book Number 9788131608142
Terms of availability 795.00
035 ## - SYSTEM CONTROL NUMBER
System control number B-648053-8059
035 ## - SYSTEM CONTROL NUMBER
System control number B-691497-98
035 ## - SYSTEM CONTROL NUMBER
System control number EN-100665
035 ## - SYSTEM CONTROL NUMBER
System control number B-664868
037 ## - SOURCE OF ACQUISITION
Source of stock number/acquisition Mallika
Stock number dpl
037 ## - SOURCE OF ACQUISITION
Source of stock number/acquisition DBAD/PUB
082 ## - DEWEY DECIMAL CLASSIFICATION NUMBER
Classification number 880.9
100 ## - MAIN ENTRY--PERSONAL NAME
Personal name Riemenscheider, Dieter
245 ## - TITLE STATEMENT
Title Essays on Indian writing in english:
Statement of responsibility, etc by Dieter Riemenscheider
Remainder of title twice-born or cosmopolitan literature? /
260 ## - PUBLICATION, DISTRIBUTION, ETC. (IMPRINT)
Place of publication, distribution, etc New Delhi
Name of publisher, distributor, etc Rawat Publications
Date of publication, distribution, etc 2016
270 ## - ADDRESS
Address 4858/24, Ansari Road, Daryaganj
City New Delhi
Postal code 110002
300 ## - PHYSICAL DESCRIPTION
Extent xv,199p.
Dimensions 24cm(hb)
700 ## - ADDED ENTRY--PERSONAL NAME
Personal name
942 ## - ADDED ENTRY ELEMENTS (KOHA)
Source of classification or shelving scheme Dewey Decimal Classification
Item type English Books
Classification part 880.9
Call number suffix RIE
Holdings
Withdrawn status Lost status Not for loan Collection code Home library Current library Date acquired Source of acquisition Cost, normal purchase price Full call number Barcode Copy number Cost, replacement price Koha item type Public note
      Non-fiction Ashok Vihar Ashok Vihar 26/02/2018 Mallika/59/4.3.2017/16-17/AV/461/15.2.2017/7.3.2017 795.00 880.9 RIE B-664868 1 795.00 English Books  
      Non-fiction Bawana Bawana 20/04/2018 R.K.Books IN4122/17-18/26.03.2018/897/23.03.2018/27.03.2018 795.00 880.9 RIE B-691498 1 795.00 English Books  
      Non-fiction Central Library Central Library 31/03/2017 BPPD/EN/2016-17/295/24.11.2016/45/28.11.2016/2.1.2017 795.00 880.9 RIE B-648053 1 795.00 English Books  
      Non-fiction Janak Puri Janak Puri 31/03/2017 BPPD/EN/2016-17/295/24.11.2016/45/28.11.2016/2.1.2017 795.00 880.9 RIE B-648056 1 795.00 English Books  
Written off     Non-fiction Karol Bagh Karol Bagh 31/03/2017 BPPD/EN/2016-17/295/24.11.2016/45/28.11.2016/2.1.2017 795.00 880.9 RIE B-648058 1 795.00 English Books Written off on approval by DLB (By Circulation); dtd 20.12.2022
      Non-fiction Narela Narela 20/04/2018 R.K.Books IN4122/17-18/26.03.2018/897/23.03.2018/27.03.2018 795.00 880.9 RIE B-691497 1 795.00 English Books  
      Non-fiction New Police Line New Police Line 31/03/2017 BPPD/EN/2016-17/295/24.11.2016/45/28.11.2016/2.1.2017 795.00 880.9 RIE B-648054 1 795.00 English Books  
      Non-fiction Patel Nagar Patel Nagar 31/03/2017 BPPD/EN/2016-17/295/24.11.2016/45/28.11.2016/2.1.2017 795.00 880.9 RIE B-648055 1 795.00 English Books  
      Non-fiction Sarojini Nagar Sarojini Nagar 31/03/2017 BPPD/EN/2016-17/295/24.11.2016/45/28.11.2016/2.1.2017 795.00 880.9 RIE B-648057 1 795.00 English Books  
      Non-fiction Shahdara Branch Shahdara Branch 23/01/2017 DBAD/PUB 795.00 880.9 RIE EN-100665 1 795.00 English Books  
      Non-fiction Shahdara Branch Shahdara Branch 31/03/2017 BPPD/EN/2016-17/295/24.11.2016/45/28.11.2016/2.1.2017 795.00 880.9 RIE B-648059 1 795.00 English Books  

© Delhi Public Library
Hit Counter
free hit counter